000 00826 a2200217 4500
001 57985
005 20260407155839.0
008 260407a1980 arg spa d
003 AR-UNSa-BCEJYS
040 _aAR-UNSa-BCEJYS
_bspa
_cAR-UNSa-BCEJYS
080 _a657(083.74)
_xNormas Contables
245 1 0 _aPrácticas contables en uso en los paises miembros de la O.C.D.E
264 1 _aMadrid :
_bMinisterio de Economía y Hacienda
_c1980
300 _a324 p.
_c29 cm.
505 _a1. Prácticas contables en los países miembros – 2. Cuestionario – 3. Respuesta de los países miembros
041 _aspa
942 _cBK
590 _aniveau_biblio:m niveau_hierar:0
100 1 _aOrganización de Cooperación y Desarrollo Económico (OCDE)
700 1 _aComité de Inversión Internacional y Empresas Multinacionales
999 _c6365
_d6365